[Event "SVK-chT2A 1819"]
[Site "Slovakia"]
[Date "2018.12.16"]
[Round "6.7"]
[White "Djubek, Boris"]
[Black "Orosi, Peter"]
[Result "0-1"]
[WhiteElo "2054"]
[BlackElo "2072"]
[PlyCount "72"]
[EventDate "2018.10.13"]
[EventType "team-tourn"]
[EventRounds "11"]
[EventCountry "SVK"]
[SourceTitle "CBM 189 Extra"]
[Source "ChessBase"]
[SourceDate "2019.06.03"]
[SourceVersion "1"]
[SourceVersionDate "2019.06.03"]
[SourceQuality "1"]
[WhiteTeam "Bratislava Slovan V"]
[BlackTeam "Bratislava Doprastav"]
[WhiteTeamCountry "SVK"]
[BlackTeamCountry "SVK"]

1. d4 d5 2. Nf3 Nf6 3. c4 e6 4. Nc3 Be7 5. Bg5 0-0 6. e3 b6 7. cxd5 exd5 8. Bd3 Nbd7 9. 0-0 Bb7 10. Rc1 Rc8 11. Nb5 c5 12. Bf4 Ne4 13. Nd2 g5 14. Bxe4 dxe4 15. Bd6 a6 16. Bxe7 Qxe7 17. Nc3 cxd4 18. exd4 e3 19. Qe2 Rfe8 20. Qxe3 Qxe3 21. fxe3 Rxe3 22. Nd5 Re6 23. Rxc8+ Bxc8 24. Kf2 f5 25. Re1 Kf7 26. Rc1 Rd6 27. Ne3 Rxd4 28. Nf3 Nc5 29. Nxd4 Nd3+ 30. Kf1 Nxc1 31. Ndxf5 Bxf5 32. Nxf5 Nxa2 33. Ke2 Ke6 34. Ne3 Nb4 35. Kd2 Nd5 36. Nc2 a5 0-1

[Event "SVK-chT2A 1819"]
[Site "Slovakia"]
[Date "2018.12.15"]
[Round "5.6"]
[White "Sturc, Gustav"]
[Black "Djubek, Boris"]
[Result "1/2-1/2"]
[WhiteElo "1972"]
[BlackElo "2054"]
[PlyCount "51"]
[EventDate "2018.10.13"]
[EventType "team-tourn"]
[EventRounds "11"]
[EventCountry "SVK"]
[SourceTitle "CBM 189 Extra"]
[Source "ChessBase"]
[SourceDate "2019.06.03"]
[SourceVersion "1"]
[SourceVersionDate "2019.06.03"]
[SourceQuality "1"]
[WhiteTeam "Bratislava Slovan IV"]
[BlackTeam "Bratislava Slovan V"]
[WhiteTeamCountry "SVK"]
[BlackTeamCountry "SVK"]

1. e4 c5 2. c3 d5 3. exd5 Qxd5 4. d4 Nf6 5. Nf3 e6 6. c4 Qd8 7. Be2 Nc6 8. dxc5 Qxd1+ 9. Bxd1 Bxc5 10. 0-0 0-0 11. Nc3 Bd7 12. a3 Rac8 13. b4 Be7 14. Bb2 Rfd8 15. Be2 Be8 16. Rfd1 h6 17. h3 Kf8 18. Rac1 Rxd1+ 19. Rxd1 Rd8 20. Rxd8 Bxd8 21. Bd3 Be7 22. Ne4 Nxe4 23. Bxe4 Bf6 24. Bxf6 gxf6 25. g4 Ke7 26. Kf1 1/2-1/2

[Event "SVK-chT1W 1112"]
[Site "Slovakia"]
[Date "2012.03.03"]
[Round "10.7"]
[White "Djubek, Boris"]
[Black "Edes, Zsofia"]
[Result "1-0"]
[WhiteElo "2172"]
[BlackElo "1989"]
[PlyCount "131"]
[EventDate "2011.10.15"]
[EventType "team-tourn"]
[EventRounds "11"]
[EventCountry "SVK"]
[SourceTitle "EXT 2013"]
[Source "ChessBase"]
[SourceDate "2012.11.22"]
[SourceVersion "1"]
[SourceVersionDate "2012.11.22"]
[SourceQuality "1"]
[WhiteTeam "Bratislava Slovan III"]
[BlackTeam "Komarno"]
[WhiteTeamCountry "SVK"]
[BlackTeamCountry "SVK"]

1. d4 d5 2. Nf3 e6 3. Bg5 Be7 4. Bxe7 Qxe7 5. Nbd2 Nf6 6. e3 Nbd7 7. c4 0-0 8. Qc2 e5 9. cxd5 Nxd5 10. Bc4 Nb4 11. Qc3 exd4 12. Nxd4 Ne5 13. Be2 c5 14. N4f3 Ng4 15. 0-0 Nd5 16. Qa3 b6 17. Rac1 Kh8 18. Rfd1 Bb7 19. h3 Nh6 20. Ba6 Bc6 21. Bc4 Rad8 22. Qb3 f5 23. a3 Nc7 24. Qc3 Nf7 25. Bxf7 Rxf7 26. Ne5 Rf6 27. Nxc6 Rxc6 28. Nc4 Re8 29. Qd3 Qe6 30. Nd6 Rf8 31. Nxf5 c4 32. Qc2 Rc5 33. Nd4 Qe5 34. Qe2 b5 35. Nf3 Qe6 36. Rd4 h6 37. Rcd1 Ne8 38. Qc2 Nf6 39. Rd8 Rc8 40. Rxf8+ Rxf8 41. Qg6 a5 42. Nh4 b4 43. Nf5 Qf7 44. Qxf7 Rxf7 45. Rd8+ Kh7 46. axb4 axb4 47. Rc8 c3 48. bxc3 Nd5 49. Nd4 Nxc3 50. Rb8 Na2 51. Nc6 Nc3 52. Rxb4 Nd1 53. Rf4 Rxf4 54. exf4 Nc3 55. f5 Kg8 56. f3 Kf7 57. Kf2 Nb5 58. Ke3 Kf6 59. Kf4 Nc3 60. g4 Ne2+ 61. Ke3 Ng1 62. h4 Nh3 63. Nb4 h5 64. Nd3 g6 65. fxg6 Kxg6 66. Nf4+ 1-0

[Event "SVK-chT1W 1112"]
[Site "Slovakia"]
[Date "2011.12.10"]
[Round "5.6"]
[White "Djubek, Boris"]
[Black "Ac, Michal"]
[Result "1/2-1/2"]
[WhiteElo "2172"]
[BlackElo "2174"]
[PlyCount "29"]
[EventDate "2011.10.15"]
[EventType "team-tourn"]
[EventRounds "11"]
[EventCountry "SVK"]
[SourceTitle "EXT 2013"]
[Source "ChessBase"]
[SourceDate "2012.11.22"]
[SourceVersion "1"]
[SourceVersionDate "2012.11.22"]
[SourceQuality "1"]
[WhiteTeam "Bratislava Slovan III"]
[BlackTeam "Bratislava Slovan II"]
[WhiteTeamCountry "SVK"]
[BlackTeamCountry "SVK"]

1. d4 Nf6 2. Nf3 g6 3. c4 Bg7 4. Nc3 0-0 5. e4 d6 6. Be2 e5 7. d5 Nbd7 8. 0-0 Nc5 9. Qc2 a5 10. Ne1 Nfd7 11. Be3 f5 12. f3 f4 13. Bf2 g5 14. Na4 b6 15. Nxc5 1/2-1/2

[Event "SVK-chT1W 0910"]
[Site "Slovakia"]
[Date "2010.01.17"]
[Round "7.3"]
[White "Janos, Martin"]
[Black "Djubek, Boris"]
[Result "0-1"]
[WhiteElo "2192"]
[BlackElo "2173"]
[PlyCount "154"]
[EventDate "2009.10.17"]
[EventType "team"]
[EventRounds "11"]
[EventCountry "SVK"]
[SourceTitle "EXT 2011"]
[Source "ChessBase"]
[SourceDate "2010.11.26"]
[SourceVersion "1"]
[SourceVersionDate "2010.11.26"]
[SourceQuality "1"]
[WhiteTeam "Bratislava Doprastav II"]
[BlackTeam "Bratislava Slovan III"]
[WhiteTeamCountry "SVK"]
[BlackTeamCountry "SVK"]

1. c4 c5 2. g3 g6 3. Bg2 Bg7 4. Nf3 Nf6 5. 0-0 0-0 6. d4 cxd4 7. Nxd4 Nc6 8. Nc2 d6 9. Nc3 Be6 10. Ne3 Qc8 11. Re1 Bh3 12. Bh1 Bd7 13. Qd2 Re8 14. b3 Ne5 15. Bb2 Bc6 16. f3 b6 17. Rad1 Bb7 18. Bg2 Bh6 19. Nb5 a6 20. Nd4 b5 21. f4 Bxg2 22. Nxg2 bxc4 23. Rc1 Qh3 24. Nf3 Nfg4 25. Bxe5 Nxe5 26. Nxe5 dxe5 27. Rxc4 Red8 28. Qe3 exf4 29. Nxf4 Qd7 30. Qf3 Rac8 31. Rec1 Rxc4 32. Rxc4 Bg7 33. Kg2 Qd2 34. Ra4 a5 35. Nd3 Bc3 36. Re4 Bf6 37. a4 Qc3 38. Nf4 Qxf3+ 39. Kxf3 Rb8 40. Re3 Bd4 41. Rd3 Bc5 42. Nd5 Rb7 43. Ke4 Kg7 44. Rc3 Bg1 45. h3 e6 46. Nf4 Rb4+ 47. Kf3 Bd4 48. Rd3 h5 49. Ng2 e5 50. Ke4 Bb2+ 51. Kd5 e4 52. Re3 f5 53. Nf4 Kf6 54. Ne6 g5 55. h4 g4 56. Nc5 Bd4 57. Nxe4+ fxe4 58. Rxe4 Bf2 59. Re6+ Kg7 60. Re5 Bxg3 61. Rxh5 Bf2 62. e4 g3 63. Ke5 Rxb3 64. Kf4 Kf7 65. Rh7+ Kg6 66. Rh8 Rb4 67. Kf3 Rxa4 68. Ra8 Ra3+ 69. Kg2 Be1 70. Kh3 Ra2 71. Rg8+ Kf7 72. Rg5 Rh2+ 73. Kg4 g2 74. Kf5 Bf2 75. e5 g1Q 76. e6+ Ke7 77. Rxg1 Bxg1 0-1

[Event "SVK-chT1W 0809"]
[Site "Slovakia"]
[Date "2009.02.07"]
[Round "8.2"]
[White "Kaniansky, Miroslav"]
[Black "Djubek, Boris"]
[Result "1/2-1/2"]
[WhiteElo "2218"]
[BlackElo "2164"]
[PlyCount "79"]
[EventDate "2008.10.18"]
[EventType "team-tourn"]
[EventRounds "11"]
[EventCountry "SVK"]
[SourceTitle "EXT 2010"]
[Source "ChessBase"]
[SourceDate "2010.11.25"]
[SourceVersion "1"]
[SourceVersionDate "2010.11.25"]
[SourceQuality "1"]
[WhiteTeam "Prievidza SK"]
[BlackTeam "Bratislava Slovan III"]
[WhiteTeamCountry "SVK"]
[BlackTeamCountry "SVK"]

1. d4 d5 2. Nf3 Nf6 3. c4 e6 4. Nc3 Be7 5. cxd5 exd5 6. Bg5 c6 7. e3 Bf5 8. Bd3 Bxd3 9. Qxd3 Nbd7 10. 0-0 0-0 11. Nd2 Re8 12. Rae1 Ne4 13. Bxe7 Qxe7 14. f3 Nxd2 15. Qxd2 Qg5 16. Qf2 f5 17. e4 fxe4 18. fxe4 Rf8 19. Qe2 Rxf1+ 20. Rxf1 Re8 21. e5 Nf8 22. Qf3 Qe7 23. a3 Ne6 24. Qe3 Rf8 25. Rxf8+ Qxf8 26. Ne2 Qf5 27. Qh3 Qxh3 28. gxh3 c5 29. dxc5 Nxc5 30. Nf4 Nd7 31. Nxd5 Nxe5 32. b3 Kf7 33. Kf2 Ke6 34. Nf4+ Kf5 35. Ke3 g5 36. Ne2 Ng6 37. Nd4+ Ke5 38. Nf3+ Kf5 39. Nd4+ Ke5 40. Nf3+ 1/2-1/2

[Event "SVK-chT1W 0809"]
[Site "Slovakia"]
[Date "2009.01.11"]
[Round "7.1"]
[White "Maslikova, Veronika"]
[Black "Djubek, Boris"]
[Result "1/2-1/2"]
[WhiteElo "2187"]
[BlackElo "2164"]
[PlyCount "82"]
[EventDate "2008.10.18"]
[EventType "team-tourn"]
[EventRounds "11"]
[EventCountry "SVK"]
[SourceTitle "EXT 2010"]
[Source "ChessBase"]
[SourceDate "2010.11.25"]
[SourceVersion "1"]
[SourceVersionDate "2010.11.25"]
[SourceQuality "1"]
[WhiteTeam "Budmerice"]
[BlackTeam "Bratislava Slovan III"]
[WhiteTeamCountry "SVK"]
[BlackTeamCountry "SVK"]

1. e4 e5 2. Nf3 Nc6 3. Bb5 a6 4. Ba4 Nf6 5. 0-0 Be7 6. Re1 b5 7. Bb3 d6 8. h3 Na5 9. d3 0-0 10. Nbd2 Ne8 11. Qe2 Nxb3 12. axb3 c5 13. Nf1 f5 14. exf5 Bxf5 15. Ng3 Bg6 16. Bd2 Nc7 17. Ra2 Ne6 18. Rea1 Qc8 19. Be3 Qb7 20. Re1 Bd8 21. Bd2 Nf4 22. Bxf4 Rxf4 23. Qe3 Bb6 24. c4 bxc4 25. bxc4 Bd8 26. Ne2 Rf8 27. Nc3 h6 28. Ne4 Be7 29. Rea1 Qc6 30. Ra3 Rfb8 31. b3 Rb6 32. Nc3 Bf7 33. Qe4 Qxe4 34. Nxe4 Be6 35. Nc3 Bf6 36. Nd2 Kf7 37. Nde4 Be7 38. Kf1 Ke8 39. Ke2 Kd7 40. Kd2 Kc6 41. Kc2 Bf8 1/2-1/2